Personnages de Blanche Neige par images - Statistiques

Statistiques générales
  • Ce quiz a été pris 459 fois
  • Le résultat moyen est 11 sur 12
Statistiques - réponses
Par images Réponse % Correct
Blanche Neige
99%
Grincheux
98%
Simplet
97%
Atchoum
93%
Le Prince
92%
Prof
91%
Dormeur
90%
Le Miroir Magique
89%
Timide
89%
Joyeux
88%
Reine Grimhilde (La Sorcière)
86%
Le Chasseur
84%
Aucun quiz correspondant
Distribution des résultats
% des personnes avec chaque résultat
Percentile par nombre de réponses
Votre historique - résultats
Vous n’avez pas pris ce quiz